| 000 | 00605nam a2200205Ia 4500 | ||
|---|---|---|---|
| 008 | 140321s9999 xx 000 0 und d | ||
| 020 | _a9780495598428 | ||
| 050 |
_aH 62 _b.B2 2010 |
||
| 100 | _aBabbie, Earl | ||
| 245 | 4 |
_aThe practice of social research : _cEarl Babbie. |
|
| 250 | _a12th ed. | ||
| 260 |
_aCalifornia : _bWadsworth Cengage, _cc2010. |
||
| 300 |
_a530 p. : _bill. ; _c25 cm. |
||
| 500 | _aIncludes bibliographical references and index. | ||
| 521 | _aBSBA | ||
| 650 |
_aSocial sciences _xMethodology. |
||
| 650 |
_aSocial sciences _xResearch. |
||
| 942 |
_kFOR _cBK |
||
| 999 |
_c48262 _d48262 |
||